Państwa, w których doszło do eksplozji broni nuklearnej - Statystyki

Ogólne statystyki
  • Ten quiz został rozwiązany 3 902 razy
  • Średni wynik to 10 z 16
Statystyki odpowiedzi
Państwo % Poprawnych
Stany Zjednoczone
98%
Japonia
97%
Rosja
97%
Chiny
84%
Indie
73%
Korea Północna
73%
Francja
70%
Ukraina
65%
Australia
63%
Pakistan
61%
Kazachstan
59%
Uzbekistan
41%
Turkmenistan
37%
Algieria
28%
Wyspy Marshalla
24%
Kiribati
23%
Nie znaleziono quizów pasujących do podanych kryteriów
Rozkład punktacji
Procent ludzi z każdym wynikiem
Percentyl według liczby udzielonych odpowiedzi
Twoja historia wyników
Nie rozwiązałeś tego quizu